| 000 | 00570 a2200193 4500 | ||
|---|---|---|---|
| 999 |
_c95147 _d95147 |
||
| 005 | 20180814125831.0 | ||
| 008 | 180814b ||||| |||| 00| 0 eng d | ||
| 020 | _a9781413323993 | ||
| 040 | _aNALT | ||
| 090 |
_aKM 11.U6 _bE46 2017 |
||
| 100 | 1 |
_aSteingold, Fred S. _930291 |
|
| 245 | 1 | 4 |
_aThe employer's legal handbook / _cFred s. Steingold. |
| 260 |
_aBerkeley, Calif. : _bNolo Press, _c2017. |
||
| 300 |
_a482 p. ; _c23 cm. |
||
| 650 | 0 |
_930292 _aLabor laws and legislation _zUnited States _xPopular works |
|
| 850 | _aNALT | ||
| 942 |
_2local _cLB |
||